Pays sans les lettres de "LUXEMBOURG" - Statistiques

Statistiques générales
  • Ce quiz a été pris 11 fois
    3 depuis la dernière actualisation
  • Le résultat moyen est 2 sur 9
Statistiques - réponses
Continents Pays % Correct
Amérique du Nord Canada
100%
Amérique du Sud Haïti
50%
Afrique Tchad
50%
Océanie Fidji
0%
Asie Kazakhstan
0%
Asie Pakistan
0%
Asie Tadjikistan
0%
Asie Taïwan
0%
Europe Vatican
0%
Aucun quiz correspondant
Distribution des résultats
% des personnes avec chaque résultat
Percentile par nombre de réponses
Votre historique - résultats
Vous n’avez pas pris ce quiz depuis la dernière actualisation